000 00293nam a22001337a 4500
008 181030b xxu||||| |||| 00| 0 eng d
020 _a0874342694
041 _aeng
080 _a616.12
100 _a7
101 _aKAR
245 _aCardiopulmonary Emergencies
_cLoeb, S
942 _2udc
_cBK
999 _c51167
_d51167